Japanese business pioneers
This book introduce about structure of business and the character of a nation. Eight who built up corporate empires. Problems of the Japanese way of management.
Shranjeno v:
| Glavni avtor: | |
|---|---|
| Format: | Knjiga |
| Jezik: | Undetermined |
| Izdano: |
Singapore
Times Books International
1986
|
| Teme: | |
| Oznake: |
Označite
Brez oznak, prvi označite!
|
| Thư viện lưu trữ: | Trung tâm Học liệu Trường Đại học Cần Thơ |
|---|
| LEADER | 00737nam a2200205Ia 4500 | ||
|---|---|---|---|
| 001 | CTU_98294 | ||
| 008 | 210402s9999 xx 000 0 und d | ||
| 082 | |a 330.952 | ||
| 082 | |b K15 | ||
| 100 | |a Kazuyoshi, Kamioka | ||
| 245 | 0 | |a Japanese business pioneers | |
| 245 | 0 | |c Kazuyoshi Kamioka | |
| 260 | |a Singapore | ||
| 260 | |b Times Books International | ||
| 260 | |c 1986 | ||
| 520 | |a This book introduce about structure of business and the character of a nation. Eight who built up corporate empires. Problems of the Japanese way of management. | ||
| 650 | |a Quản trị công nghiệp,Industrial management | ||
| 650 | |z Nhật Bản,Japan | ||
| 904 | |i Hiếu | ||
| 980 | |a Trung tâm Học liệu Trường Đại học Cần Thơ | ||